[Event "TCh-FRA Top 16 GpB"]
[Site "Metz "]
[Date "2007.02.10"]
[Round "2"]
[White "Chabanon, Jean Luc"]
[Black "Georgiev, Kiril"]
[Result "1-0"]
[WhiteElo "2417"]
[BlackElo "2661"]
[PlyCount "127"]
[EventDate "2007.02.09"]
[EventType "team"]
[EventRounds "11"]
[EventCountry "FRA"]
[Source "Mark Crowther"]
[SourceDate "2007.02.12"]

1. d4 Nf6 2. c4 e6 3. Nf3 b6 4. Nc3 Bb7 5. a3 g6 6. Qc2 Bg7 7. Bg5 h6 8. Bd2
O-O 9. e4 c5 10. d5 exd5 11. exd5 Re8+ 12. Be2 d6 13. O-O Nbd7 14. Rae1 a6 15.
a4 Qc7 16. Qc1 Kh7 17. h3 Rad8 18. Bd3 Rxe1 19. Rxe1 Re8 20. Rxe8 Nxe8 21. Ne4
Qd8 22. Bc3 f5 23. Ng3 Bxc3 24. Qxc3 Qf6 25. Qb3 Bc8 26. a5 bxa5 27. Qa3 Nb6
28. Qb3 Qd8 29. h4 Ng7 30. h5 gxh5 31. Qc3 h4 32. Ne2 Nd7 33. Nf4 Qf6 34. Qxf6
Nxf6 35. Nxh4 Kg8 36. f3 Kf7 37. Kf2 Bd7 38. Ke3 Nfe8 39. g3 Nc7 40. Ne2 Kf6
41. Nc3 Na8 42. g4 Nb6 43. Kf4 fxg4 44. fxg4 Ke7 45. Ne4 Na4 46. Ng6+ Kd8 47.
Nxd6 Nxb2 48. Nb7+ Kc7 49. Nxc5 a4 50. Ne5 a3 51. Bb1 Ba4 52. Ke3 Bd1 53. Kd4
a5 54. Ne4 Bb3 55. Nc3 Kb7 56. c5 a4 57. c6+ Kc8 58. Kc5 Nd1 59. Nxd1 Bxd1 60.
d6 Ne6+ 61. Kb6 a2 62. Bf5 Bb3 63. d7+ Kd8 64. Bxe6 1-0

[Event "TCh-FRA Top 16 GpB"]
[Site "Metz "]
[Date "2007.02.10"]
[Round "2"]
[White "Rozentalis, Eduardas"]
[Black "Svetushkin, Dmitry"]
[Result "1/2-1/2"]
[WhiteElo "2582"]
[BlackElo "2588"]
[PlyCount "43"]
[EventDate "2007.02.09"]
[EventType "team"]
[EventRounds "11"]
[EventCountry "FRA"]
[Source "Mark Crowther"]
[SourceDate "2007.02.12"]

1. e4 e5 2. Nf3 Nc6 3. Bb5 a6 4. Bxc6 dxc6 5. O-O Bg4 6. h3 h5 7. d3 Qf6 8. Be3
Bxf3 9. Qxf3 Qxf3 10. gxf3 Bd6 11. Kh1 f6 12. Nd2 Ne7 13. Nc4 Kf7 14. f4 exf4
15. Nxd6+ cxd6 16. Bxf4 Rad8 17. f3 d5 18. Rf2 c5 19. Kg1 c4 20. dxc4 dxc4 21.
Be3 Rhg8 22. Bc5 1/2-1/2

[Event "TCh-FRA Top 16 GpB"]
[Site "Metz "]
[Date "2007.02.10"]
[Round "2"]
[White "Bricard, Emmanuel"]
[Black "Feller, Sebastien"]
[Result "1-0"]
[WhiteElo "2467"]
[BlackElo "2431"]
[PlyCount "81"]
[EventDate "2007.02.09"]
[EventType "team"]
[EventRounds "11"]
[EventCountry "FRA"]
[Source "Mark Crowther"]
[SourceDate "2007.02.12"]

1. e4 e6 2. d3 c5 3. g3 Nc6 4. Bg2 g6 5. f4 Nge7 6. Nf3 Bg7 7. O-O O-O 8. c3 b6
9. Be3 Ba6 10. Bf2 Rc8 11. Na3 f6 12. Re1 Kh8 13. Qa4 Bb7 14. Rad1 a6 15. Qc2
f5 16. e5 Na5 17. Qd2 b5 18. c4 b4 19. Nc2 Bxf3 20. Bxf3 g5 21. b3 Ng6 22. d4
Bh6 23. fxg5 Bxg5 24. Qe2 Nc6 25. Bxc6 dxc6 26. dxc5 Qe8 27. Rd6 Qf7 28. Nxb4
Rg8 29. Nxc6 f4 30. Nd4 Bh4 31. gxh4 Nxh4+ 32. Kh1 Rg2 33. Bxh4 Rxe2 34. Rxe2
h5 35. Rg2 Rg8 36. Bf6+ Kh7 37. c6 Kh6 38. Rd7 Qe8 39. Bg7+ Kh7 40. Bf6+ Kh6
41. Rd8 1-0

[Event "TCh-FRA Top 16 GpB"]
[Site "Metz "]
[Date "2007.02.10"]
[Round "2"]
[White "Muller, Anne"]
[Black "Brochet, Philippe"]
[Result "0-1"]
[WhiteElo "2188"]
[BlackElo "2388"]
[PlyCount "100"]
[EventDate "2007.02.09"]
[EventType "team"]
[EventRounds "11"]
[EventCountry "FRA"]
[Source "Mark Crowther"]
[SourceDate "2007.02.12"]

1. e4 c5 2. Nf3 e6 3. d4 cxd4 4. Nxd4 Nf6 5. Nc3 Nc6 6. Ndb5 Bc5 7. Nd6+ Ke7 8.
Bf4 e5 9. Nf5+ Kf8 10. Bg5 d6 11. Ne3 h6 12. Bxf6 Qxf6 13. Ncd5 Qh4 14. Bd3 Kg8
15. c3 Kh7 16. O-O Be6 17. b4 Bxe3 18. Nxe3 Ne7 19. g3 Qf6 20. f4 Bh3 21. Rf2
Kg8 22. Bc4 exf4 23. Rxf4 Qxc3 24. Bxf7+ Kh7 25. Qe1 Rac8 26. Qxc3 Rxc3 27. Nd5
Nxd5 28. Bxd5 b6 29. Bb3 Rhc8 30. Kf2 Rd3 31. Rd1 Rxd1 32. Bxd1 Be6 33. a3 Rc1
34. Ba4 Ra1 35. Rf3 Ra2+ 36. Kg1 Bg4 37. Rd3 Bh3 38. Bc6 Rg2+ 39. Kh1 Rc2 40.
Ba4 Rf2 41. Rd1 Ra2 42. Rxd6 Rxa3 43. Bc2 Ra1+ 44. Rd1 Rxd1+ 45. Bxd1 Bd7 46.
Kg2 Kg6 47. Kf3 Kf6 48. Ke3 Ke5 49. Be2 a5 50. bxa5 bxa5 0-1

[Event "TCh-FRA Top 16 GpB"]
[Site "Metz "]
[Date "2007.02.10"]
[Round "2"]
[White "Leroy, Didier"]
[Black "Riff, Jean Noel"]
[Result "0-1"]
[WhiteElo "2316"]
[BlackElo "2469"]
[PlyCount "94"]
[EventDate "2007.02.09"]
[EventType "team"]
[EventRounds "11"]
[EventCountry "FRA"]
[Source "Mark Crowther"]
[SourceDate "2007.02.12"]

1. d4 Nf6 2. c4 e6 3. Nc3 Bb4 4. e3 O-O 5. Nge2 d5 6. a3 Be7 7. cxd5 exd5 8. g3
c6 9. Bg2 Na6 10. O-O Nc7 11. Nf4 a5 12. Kh1 Re8 13. f3 c5 14. Na4 Na6 15. dxc5
Nxc5 16. Bd2 Ne6 17. Nxe6 Bxe6 18. Rc1 b6 19. Qb3 Rb8 20. Qd3 Qd7 21. Nc3 Rbd8
22. Ne2 Bf5 23. Qb3 Bc5 24. Nd4 a4 25. Qd1 Bd3 26. Re1 Bc4 27. Bc3 b5 28. Qd2
h6 29. g4 Nh7 30. Bf1 Ng5 31. Qf2 Bxd4 32. Bxd4 Ne6 33. Rcd1 Rc8 34. Bc3 Qc6
35. Bd4 Re7 36. Bg2 Rce8 37. Bc3 Nc5 38. Bd4 Nd3 39. Qg3 Nxe1 40. Rxe1 Bd3 41.
h4 Qc7 42. Qf2 Re6 43. Rd1 Bc2 44. Rc1 Rc6 45. Bc3 Bd3 46. Qd2 Bc4 47. f4 Qe7
0-1

[Event "TCh-FRA Top 16 GpB"]
[Site "Metz "]
[Date "2007.02.10"]
[Round "2"]
[White "Roos, Jean Luc"]
[Black "Taddei, Benoit"]
[Result "1/2-1/2"]
[WhiteElo "2286"]
[BlackElo "2273"]
[PlyCount "145"]
[EventDate "2007.02.09"]
[EventType "team"]
[EventRounds "11"]
[EventCountry "FRA"]
[Source "Mark Crowther"]
[SourceDate "2007.02.12"]

1. d4 d5 2. c4 Nc6 3. e3 e5 4. dxe5 Bb4+ 5. Bd2 dxc4 6. Nf3 Be6 7. Qc2 Qd5 8.
Bxb4 Nxb4 9. Qa4+ Nc6 10. Na3 c3 11. bxc3 Qc5 12. Rc1 O-O-O 13. Nb5 Nge7 14.
Nbd4 Bd5 15. Nb3 Qb6 16. e4 Be6 17. Bc4 Ng6 18. Bxe6+ fxe6 19. O-O Nf4 20. Qc4
g5 21. Rb1 g4 22. Nfd4 Nxe5 23. Qa4 Ned3 24. Na5 Qa6 25. Rxb7 Nc5 26. Qb5 Qxb5
27. Rxb5 Nxe4 28. Nac6 Rde8 29. Rb8+ Kd7 30. Ne5+ Kd6 31. Rb5 Nxc3 32. Ra5 Rhg8
33. Nc4+ Ke7 34. Rxa7 Ncd5 35. Re1 Kf6 36. Ne5 h5 37. g3 Nh3+ 38. Kg2 Ng5 39.
Nd7+ Kf7 40. Nc6 Ra8 41. Nde5+ Kf6 42. Nd7+ Kf7 43. Nde5+ Kg7 44. a4 Rxa7 45.
Nxa7 Ra8 46. Nec6 Kf6 47. a5 Nf3 48. Ra1 Ne5 49. a6 Ne7 50. Nxe5 Rxa7 51. Nd7+
Kf7 52. Nc5 Nc6 53. Rc1 Ke7 54. Nxe6 Kxe6 55. Rxc6+ Kd5 56. Rh6 c5 57. Kf1 Kd4
58. Ke2 Kc3 59. Rxh5 c4 60. Ra5 Kc2 61. Ke3 c3 62. Kf4 Kb3 63. Kxg4 c2 64. Rc5
Rxa6 65. f4 Ra4 66. Rxc2 Kxc2 67. h4 Kd3 68. h5 Ke4 69. h6 Ra6 70. Kg5 Ra5+ 71.
Kg6 Ra6+ 72. Kg5 Ra5+ 73. Kg6 1/2-1/2

[Event "TCh-FRA Top 16 GpB"]
[Site "Metz "]
[Date "2007.02.10"]
[Round "2"]
[White "Gladyszev, Oleg"]
[Black "Roos, Daniel"]
[Result "1/2-1/2"]
[WhiteElo "2455"]
[BlackElo "2410"]
[PlyCount "45"]
[EventDate "2007.02.09"]
[EventType "team"]
[EventRounds "11"]
[EventCountry "FRA"]
[Source "Mark Crowther"]
[SourceDate "2007.02.12"]

1. d4 d5 2. c4 c6 3. Nf3 Nf6 4. Nc3 g6 5. Bf4 Bg7 6. e3 O-O 7. h3 Be6 8. Qb3
dxc4 9. Bxc4 Bxc4 10. Qxc4 Nd5 11. Bg3 Qa5 12. O-O Nb6 13. Qe2 N8d7 14. a3 c5
15. b4 cxb4 16. axb4 Qxb4 17. Nb5 a6 18. Rfb1 Qc4 19. Qxc4 Nxc4 20. Nc7 Ra7 21.
Nb5 Raa8 22. Nc7 Ra7 23. Nb5 1/2-1/2

[Event "TCh-FRA Top 16 GpB"]
[Site "Metz "]
[Date "2007.02.10"]
[Round "2"]
[White "Pucher, Olivier"]
[Black "Roos, Louis"]
[Result "1-0"]
[WhiteElo "2303"]
[BlackElo "2343"]
[PlyCount "83"]
[EventDate "2007.02.09"]
[EventType "team"]
[EventRounds "11"]
[EventCountry "FRA"]
[Source "Mark Crowther"]
[SourceDate "2007.02.12"]

1. c4 e5 2. Nc3 Nc6 3. g3 g6 4. Bg2 Bg7 5. e3 d6 6. Nge2 Nf6 7. O-O O-O 8. Rb1
Be6 9. Nd5 Qd7 10. b4 Bh3 11. d3 Nxd5 12. cxd5 Ne7 13. e4 c6 14. dxc6 bxc6 15.
Be3 a5 16. Bxh3 Qxh3 17. b5 cxb5 18. Rxb5 a4 19. Rb7 Qe6 20. Nc3 Qc8 21. Qb1
Qxc3 22. Rc1 Qa5 23. Rxe7 Qa6 24. Rcc7 Rab8 25. Qc2 Qb5 26. Kg2 Bf6 27. Red7
Rbd8 28. Rb7 Qxd7 29. Rxd7 Rxd7 30. Qxa4 Rc7 31. Qa6 Be7 32. a4 Rb8 33. a5 Rcc8
34. Ba7 Ra8 35. Qb7 Kf8 36. Be3 Bd8 37. a6 Ke8 38. a7 h5 39. f4 Be7 40. Bb6 Bd8
41. fxe5 dxe5 42. Bc5 1-0

[Event "TCh-FRA Top 16 GpB"]
[Site "Metz "]
[Date "2007.02.10"]
[Round "2"]
[White "Riazantsev, Alexander"]
[Black "Doettling, Fabian"]
[Result "1/2-1/2"]
[WhiteElo "2629"]
[BlackElo "2542"]
[PlyCount "60"]
[EventDate "2007.02.09"]
[EventType "team"]
[EventRounds "11"]
[EventCountry "FRA"]
[Source "Mark Crowther"]
[SourceDate "2007.02.12"]

1. e4 c5 2. Nf3 d6 3. d4 cxd4 4. Nxd4 Nf6 5. Nc3 e6 6. Bc4 a6 7. Bb3 b5 8. O-O
Be7 9. f4 O-O 10. a3 Bb7 11. f5 e5 12. Nde2 Nbd7 13. Ng3 Rc8 14. Bg5 Rxc3 15.
bxc3 Nxe4 16. Nxe4 Bxe4 17. Bxe7 Qxe7 18. c4 Nf6 19. cxb5 axb5 20. Qe2 h5 21.
h3 Rc8 22. a4 bxa4 23. Rxa4 d5 24. Qf2 Rc3 25. Ra8+ Kh7 26. Ra7 Rc7 27. Rfa1 d4
28. Rxc7 Qxc7 29. Re1 Kg8 30. Qg3 Bxc2 1/2-1/2

[Event "TCh-FRA Top 16 GpB"]
[Site "Metz "]
[Date "2007.02.10"]
[Round "2"]
[White "Kallai, Gabor"]
[Black "Koch, Jean Rene"]
[Result "1/2-1/2"]
[WhiteElo "2495"]
[BlackElo "2452"]
[PlyCount "96"]
[EventDate "2007.02.09"]
[EventType "team"]
[EventRounds "11"]
[EventCountry "FRA"]
[Source "Mark Crowther"]
[SourceDate "2007.02.12"]

1. d4 Nf6 2. Nf3 c5 3. d5 g6 4. Nc3 Bg7 5. e4 O-O 6. h3 d6 7. a4 e6 8. Be2 exd5
9. exd5 Na6 10. Nd2 Nd7 11. Nb5 Nc7 12. Nxc7 Qxc7 13. O-O f5 14. Nf3 Ne5 15.
Nxe5 Bxe5 16. Bh6 Rf7 17. Bc1 Bd7 18. c3 f4 19. Bf3 Re8 20. c4 Qd8 21. Bd2 Qf6
22. Re1 Bxb2 23. Rxe8+ Bxe8 24. Rb1 h5 25. a5 Bd4 26. Qc2 Re7 27. Re1 Rxe1+ 28.
Bxe1 Kg7 29. Bd2 Be5 30. Qb3 Qe7 31. Bc3 Bxc3 32. Qxc3+ Kh7 33. Qc1 Qe5 34. Qb1
Qe7 35. Bxh5 Kh6 36. Bg4 Qe5 37. Bf3 b6 38. axb6 axb6 39. Kh2 Qd4 40. Qe1 Bf7
41. Qe7 Qxf2 42. Qf8+ Kg5 43. Qe7+ Kh6 44. h4 Kg7 45. h5 Kh6 46. Qf8+ Kg5 47.
Qe7+ Kh6 48. Qxf7 Qg3+ 1/2-1/2

[Event "TCh-FRA Top 16 GpB"]
[Site "Metz "]
[Date "2007.02.10"]
[Round "2"]
[White "Roos, Louise"]
[Black "Leclair, Marie"]
[Result "1-0"]
[WhiteElo "1956"]
[BlackElo "2024"]
[PlyCount "93"]
[EventDate "2007.02.09"]
[EventType "team"]
[EventRounds "11"]
[EventCountry "FRA"]
[Source "Mark Crowther"]
[SourceDate "2007.02.12"]

1. e4 c5 2. Nf3 Nc6 3. d4 cxd4 4. Nxd4 Nf6 5. Nc3 d6 6. Be2 e6 7. Be3 Be7 8.
O-O O-O 9. f4 Bd7 10. Bf3 Nxd4 11. Bxd4 Bc6 12. e5 Ne8 13. Ne4 d5 14. Nc5 Qc7
15. Bg4 Bb5 16. Nd3 Qc4 17. Bf2 Rc8 18. Qf3 Qe4 19. Rfc1 Qxf3 20. Bxf3 b6 21.
a4 Bd7 22. a5 f6 23. axb6 axb6 24. Bxb6 Bb5 25. Bg4 Rc6 26. Be3 f5 27. Bd1 Nc7
28. Ra7 Rc8 29. Rca1 Bxd3 30. cxd3 Bb4 31. Ba4 Ra6 32. Rxa6 Nxa6 33. Bd7 Ra8
34. Bc6 d4 35. Bxa8 dxe3 36. Bf3 Nc5 37. Ra8+ Kf7 38. Be2 Bd2 39. Rb8 Na4 40.
b4 Nc3 41. Kf1 Nd5 42. b5 Ba5 43. g3 h6 44. Bf3 Nc3 45. b6 Ke7 46. b7 Kd7 47.
Rg8 1-0

[Event "TCh-FRA Top 16 GpB"]
[Site "Metz "]
[Date "2007.02.10"]
[Round "2"]
[White "Gitzinger, Gregory"]
[Black "Reinhart, Emmanuel"]
[Result "0-1"]
[WhiteElo "2213"]
[BlackElo "2283"]
[PlyCount "72"]
[EventDate "2007.02.09"]
[EventType "team"]
[EventRounds "11"]
[EventCountry "FRA"]
[Source "Mark Crowther"]
[SourceDate "2007.02.12"]

1. e4 c6 2. d4 d5 3. Nc3 dxe4 4. Nxe4 Nf6 5. Nxf6+ gxf6 6. Bc4 Bf5 7. Be3 Nd7
8. Ne2 Nb6 9. Bb3 e6 10. Ng3 Bg6 11. c3 h5 12. Bc2 Bxc2 13. Qxc2 Qd5 14. Ne4
Be7 15. f4 h4 16. Rg1 O-O-O 17. b3 Rhg8 18. O-O-O Qf5 19. c4 Kb8 20. Nf2 Qa5
21. Kb1 f5 22. Nd3 Nd7 23. Rd2 Nf6 24. Ne5 Ne4 25. Rd3 f6 26. Nf3 c5 27. Ka1
cxd4 28. Bxd4 Bb4 29. Bb2 Rxd3 30. Qxd3 Bc5 31. Rd1 Rxg2 32. Qd7 a6 33. Qd8+
Qxd8 34. Rxd8+ Kc7 35. Rd1 h3 36. a3 Be3 0-1

[Event "TCh-FRA Top 16 GpB"]
[Site "Metz "]
[Date "2007.02.11"]
[Round "3"]
[White "Koch, Jean Rene"]
[Black "Sakaev, Konstantin"]
[Result "1/2-1/2"]
[WhiteElo "2452"]
[BlackElo "2641"]
[PlyCount "98"]
[EventDate "2007.02.09"]
[EventType "team"]
[EventRounds "11"]
[EventCountry "FRA"]
[Source "Mark Crowther"]
[SourceDate "2007.02.12"]

1. e4 c5 2. Nf3 d6 3. d4 cxd4 4. Nxd4 Nf6 5. Nc3 a6 6. Bg5 e6 7. f4 Qb6 8. Qd2
Nc6 9. O-O-O Qxd4 10. Qxd4 Nxd4 11. Rxd4 Be7 12. Be2 Rb8 13. Bf3 b5 14. a3 Bb7
15. Re1 h6 16. Bxf6 gxf6 17. f5 Rg8 18. Rd3 Kd7 19. g3 Ba8 20. Ne2 Bd8 21. Nf4
Ke7 22. Bg2 Bb7 23. Bh3 Bc8 24. b4 Bd7 25. Kb2 Rc8 26. Red1 Rc6 27. c3 Bc7 28.
Re1 Rb6 29. Rf3 Rg5 30. Bf1 Rg8 31. Bd3 Bc8 32. Bc2 Bd8 33. Bb3 Rb7 34. h3 Rg5
35. g4 Bd7 36. Rd1 Rb8 37. Nh5 e5 38. Rfd3 Bc7 39. Ng3 Bc6 40. Bd5 Bd7 41. Kc2
Rgg8 42. Kd2 Bb6 43. Ke2 Rgc8 44. Kf3 Rc7 45. Ne2 Rd8 46. Bb3 Bc6 47. Bd5 Bd7
48. Bb3 Bc6 49. Bd5 Bd7 1/2-1/2

[Event "TCh-FRA Top 16 GpB"]
[Site "Metz "]
[Date "2007.02.11"]
[Round "3"]
[White "Taddei, Benoit"]
[Black "Bricard, Emmanuel"]
[Result "0-1"]
[WhiteElo "2273"]
[BlackElo "2467"]
[PlyCount "86"]
[EventDate "2007.02.09"]
[EventType "team"]
[EventRounds "11"]
[EventCountry "FRA"]
[Source "Mark Crowther"]
[SourceDate "2007.02.12"]

1. e4 c5 2. Nf3 Nc6 3. d4 cxd4 4. Nxd4 Qb6 5. Nxc6 bxc6 6. Nd2 d6 7. Bd3 Nf6 8.
O-O e6 9. Kh1 Be7 10. f4 d5 11. Qf3 O-O 12. b3 c5 13. e5 Nd7 14. c4 Bb7 15.
cxd5 Bxd5 16. Be4 Qc6 17. Bxd5 exd5 18. Bb2 f5 19. exf6 Bxf6 20. Bxf6 Nxf6 21.
Rac1 Rac8 22. Qd3 Rfe8 23. Nf3 c4 24. bxc4 dxc4 25. Qd4 Re4 26. Qxa7 Rxf4 27.
Qe3 Re4 28. Qd2 c3 29. Qd3 Qc4 30. Rfd1 Qc5 31. h3 Rc4 32. Re1 h6 33. Ne5 Rd4
34. Qg6 Qd5 35. Nf3 Re4 36. Rxe4 Nxe4 37. Qa6 Ra8 38. Qb6 Rxa2 39. Re1 Rb2 40.
Qg6 c2 41. Rxe4 c1=Q+ 42. Re1 Qdc6 43. Qh5 Qf4 0-1

[Event "TCh-FRA Top 16 GpB"]
[Site "Metz "]
[Date "2007.02.11"]
[Round "3"]
[White "Wirig, Anthony"]
[Black "Gitzinger, Gregory"]
[Result "1/2-1/2"]
[WhiteElo "2433"]
[BlackElo "2213"]
[PlyCount "100"]
[EventDate "2007.02.09"]
[EventType "team"]
[EventRounds "11"]
[EventCountry "FRA"]
[Source "Mark Crowther"]
[SourceDate "2007.02.12"]

1. d4 e6 2. c4 f5 3. g3 Nf6 4. Bg2 Be7 5. Nf3 O-O 6. O-O d5 7. b3 c6 8. Ba3
Bxa3 9. Nxa3 Bd7 10. Nc2 Be8 11. Ne5 Nbd7 12. Nxd7 Qxd7 13. Ne1 Rd8 14. Nf3 Bh5
15. Ne5 Qe7 16. Qc2 Nd7 17. Nxd7 Rxd7 18. e3 Kh8 19. Qc3 Re8 20. f4 g5 21. c5
Qf6 22. b4 Be2 23. Rf2 Bc4 24. Bf1 Bxf1 25. Kxf1 h5 26. Ke2 Rh7 27. Rb1 h4 28.
b5 Rg8 29. bxc6 bxc6 30. Rg2 hxg3 31. hxg3 Rh3 32. Kf2 Qh6 33. Qe1 Rg7 34. Rb3
Kh7 35. a4 Rh1 36. fxg5 Qh3 37. Qe2 Rxg5 38. Rb7+ Kh6 39. Rb8 Kh7 40. Rb7+ Kg6
41. Rb2 Kf6 42. Qf3 Ra1 43. Qf4 Rg6 44. Qe5+ Kg5 45. g4 Qh4+ 46. Ke2 Qe1+ 47.
Kf3 Qf1+ 48. Rbf2 Qd1+ 49. Re2 Qf1+ 50. Ref2 Qd1+ 1/2-1/2

[Event "TCh-FRA Top 16 GpB"]
[Site "Metz "]
[Date "2007.02.11"]
[Round "3"]
[White "Leclair, Marie"]
[Black "Muller, Anne"]
[Result "1-0"]
[WhiteElo "2024"]
[BlackElo "2188"]
[PlyCount "53"]
[EventDate "2007.02.09"]
[EventType "team"]
[EventRounds "11"]
[EventCountry "FRA"]
[Source "Mark Crowther"]
[SourceDate "2007.02.12"]

1. e4 c5 2. Nf3 d6 3. d4 cxd4 4. Nxd4 Nf6 5. Nc3 Nc6 6. Be2 e6 7. Be3 Be7 8.
O-O a6 9. a4 Qc7 10. f4 O-O 11. Nb3 b6 12. Bf3 Bb7 13. Qe1 Rfe8 14. Qf2 Nd7 15.
Rad1 Rab8 16. Rd2 Ba8 17. Be2 Bb7 18. Rfd1 Bc8 19. Qg3 Nc5 20. Nd4 Nb4 21. f5
Bb7 22. Bh5 e5 23. Bh6 g6 24. fxg6 hxg6 25. Bxg6 Kh8 26. Bxf7 Bf6 27. Bg7+ 1-0

[Event "TCh-FRA Top 16 GpB"]
[Site "Metz "]
[Date "2007.02.11"]
[Round "3"]
[White "Doettling, Fabian"]
[Black "Marcelin, Cyril"]
[Result "1/2-1/2"]
[WhiteElo "2542"]
[BlackElo "2494"]
[PlyCount "38"]
[EventDate "2007.02.09"]
[EventType "team"]
[EventRounds "11"]
[EventCountry "FRA"]
[Source "Mark Crowther"]
[SourceDate "2007.02.12"]

1. d4 d5 2. Nf3 Nf6 3. c4 c6 4. e3 g6 5. Nc3 Bg7 6. Be2 O-O 7. O-O a6 8. h3 b5
9. cxd5 cxd5 10. Ne5 Bb7 11. Nd3 Nc6 12. Bd2 Nd7 13. Nxd5 Nxd4 14. Nxe7+ Qxe7
15. exd4 Bxd4 16. Bf3 Ne5 17. Nxe5 Bxe5 18. Bxb7 Qxb7 19. Qb3 Rfd8 1/2-1/2

[Event "TCh-FRA Top 16 GpB"]
[Site "Metz "]
[Date "2007.02.11"]
[Round "3"]
[White "Relange, Eloi"]
[Black "Rozentalis, Eduardas"]
[Result "0-1"]
[WhiteElo "2482"]
[BlackElo "2582"]
[PlyCount "64"]
[EventDate "2007.02.09"]
[EventType "team"]
[EventRounds "11"]
[EventCountry "FRA"]
[Source "Mark Crowther"]
[SourceDate "2007.02.12"]

1. d4 Nf6 2. Nf3 e6 3. c4 Nc6 4. a3 d6 5. Nc3 g6 6. e4 Bg7 7. Be2 O-O 8. O-O
Re8 9. b4 e5 10. dxe5 Nxe5 11. Nxe5 Rxe5 12. f3 c6 13. Be3 Re7 14. Qd2 Be6 15.
Rfd1 Rd7 16. Rac1 Rc8 17. Bf1 d5 18. cxd5 cxd5 19. e5 Ng4 20. Bxa7 Bh6 21. f4
b6 22. Nb5 Rxc1 23. Rxc1 Nxe5 24. Qf2 d4 25. h3 Bb3 26. Kh1 d3 27. Bxb6 d2 28.
Rb1 Qc8 29. fxe5 Qc2 30. e6 Bxe6 31. Ra1 d1=Q 32. Rxd1 Qxf2 0-1

[Event "TCh-FRA Top 16 GpB"]
[Site "Metz "]
[Date "2007.02.11"]
[Round "3"]
[White "Roos, Daniel"]
[Black "Feller, Sebastien"]
[Result "1/2-1/2"]
[WhiteElo "2410"]
[BlackElo "2431"]
[PlyCount "138"]
[EventDate "2007.02.09"]
[EventType "team"]
[EventRounds "11"]
[EventCountry "FRA"]
[Source "Mark Crowther"]
[SourceDate "2007.02.12"]

1. d4 Nf6 2. Nf3 d5 3. c3 e6 4. Bg5 h6 5. Bh4 g5 6. Bg3 Ne4 7. Nfd2 Nxg3 8.
hxg3 c5 9. e3 Nc6 10. Nf3 Bd7 11. Nbd2 Bd6 12. Bb5 Qf6 13. Qa4 a6 14. dxc5 Bxc5
15. Nd4 Rb8 16. Bxc6 bxc6 17. N4b3 Be7 18. Qxa6 c5 19. Qa7 Rc8 20. c4 Bc6 21.
cxd5 exd5 22. Nxc5 O-O 23. Ncb3 Bb5 24. Qd4 Qg6 25. Qxd5 Bc6 26. Qa5 Bxg2 27.
Rh2 Bb7 28. Kf1 Bf6 29. Qb6 Rb8 30. Kg1 Bxb2 31. Qxg6+ fxg6 32. Re1 h5 33. Nc4
Bc3 34. Rc1 Bg7 35. f4 Rbc8 36. Nd6 Rxc1+ 37. Nxc1 Bf3 38. Rc2 Rd8 39. Kf2 Bg4
40. Nb7 Rd1 41. fxg5 Bf5 42. Rc4 Rd2+ 43. Ke1 Rd7 44. Nc5 Rc7 45. N1b3 Be5 46.
Kf2 Bh3 47. a4 Rf7+ 48. Rf4 Bxf4 49. gxf4 Ra7 50. Kg3 Bf1 51. f5 gxf5 52. Kh4
Bc4 53. Kxh5 Bxb3 54. Nxb3 Rxa4 55. Kg6 f4 56. exf4 Rxf4 57. Nc5 Rd4 58. Ne6
Rd6 59. Kf6 Ra6 60. g6 Ra1 61. Ng7 Ra6+ 62. Ne6 Rb6 63. Kf5 Rb1 64. Kg5 Rg1+
65. Kf6 Rf1+ 66. Kg5 Rf2 67. Nd4 Kf8 68. Nf5 Ke8 69. Kf6 Rg2 1/2-1/2

[Event "TCh-FRA Top 16 GpB"]
[Site "Metz "]
[Date "2007.02.11"]
[Round "3"]
[White "Roos, Jean Luc"]
[Black "Brochet, Philippe"]
[Result "0-1"]
[WhiteElo "2286"]
[BlackElo "2388"]
[PlyCount "116"]
[EventDate "2007.02.09"]
[EventType "team"]
[EventRounds "11"]
[EventCountry "FRA"]
[Source "Mark Crowther"]
[SourceDate "2007.02.12"]

1. e4 c5 2. Nf3 e6 3. d4 cxd4 4. Nxd4 Nf6 5. Nc3 Nc6 6. Ndb5 Bc5 7. Nd6+ Ke7 8.
Nxc8+ Rxc8 9. Bd3 d5 10. exd5 Nxd5 11. Ne4 Ne5 12. Nxc5 Qa5+ 13. Qd2 Rxc5 14.
Qxa5 Nxd3+ 15. cxd3 Rxa5 16. Bd2 Rc5 17. Kd1 Rhc8 18. a3 Rb5 19. Rc1 Rd8 20.
Kc2 Nf6 21. f3 Rbd5 22. Rhd1 Rh5 23. h3 Rc5+ 24. Kb1 Rxc1+ 25. Kxc1 Rc8+ 26.
Kb1 Nd5 27. Rc1 Rxc1+ 28. Bxc1 Kd6 29. Kc2 Ke5 30. b3 g6 31. g3 Kd4 32. Kd2 Ne7
33. Bb2+ Kd5 34. g4 e5 35. Ke3 f5 36. f4 fxg4 37. hxg4 exf4+ 38. Kxf4 h6 39.
Bg7 h5 40. gxh5 gxh5 41. Kg5 h4 42. Kg4 Ng6 43. d4 Ne7 44. Bf6 Nc6 45. Bxh4
Kxd4 46. Be1 Kd3 47. Kf5 Nd4+ 48. Kf6 Nxb3 49. Ke6 Kc4 50. Kd6 b5 51. Kc6 a5
52. Kb6 a4 53. Bb4 Nd4 54. Bf8 Kb3 55. Ka5 b4 56. Bg7 Nf5 57. Be5 bxa3 58. Kb5
a2 0-1

[Event "TCh-FRA Top 16 GpB"]
[Site "Metz "]
[Date "2007.02.11"]
[Round "3"]
[White "Chabanon, Jean Luc"]
[Black "Reinhart, Emmanuel"]
[Result "1/2-1/2"]
[WhiteElo "2417"]
[BlackElo "2283"]
[PlyCount "116"]
[EventDate "2007.02.09"]
[EventType "team"]
[EventRounds "11"]
[EventCountry "FRA"]
[Source "Mark Crowther"]
[SourceDate "2007.02.12"]

1. d4 d5 2. c4 c6 3. Nf3 Nf6 4. Nc3 dxc4 5. a4 Bf5 6. Nh4 Bc8 7. Nf3 Bf5 8. e3
e6 9. Bxc4 Bb4 10. O-O Nbd7 11. Qe2 Bg6 12. e4 O-O 13. Bd3 Bh5 14. e5 Nd5 15.
Nxd5 cxd5 16. Qe3 Be7 17. Bd2 Nb8 18. Ne1 Bg6 19. Bxg6 hxg6 20. f4 Nc6 21. Nf3
Qb6 22. Bc3 Rac8 23. g4 Nb4 24. Rf2 Rc4 25. h4 a5 26. h5 gxh5 27. gxh5 f5 28.
Kh1 Kf7 29. Rg1 Rh8 30. Rh2 Rh6 31. Qe2 Qd8 32. Rg6 Qg8 33. Qg2 Qh7 34. Rg5 Qh8
35. Qh3 Ke8 36. Nd2 Rc7 37. Rg1 b6 38. Qg2 Kf8 39. Qe2 Nc6 40. Rg3 Bd8 41. Kg1
g6 42. Rxg6 Rxg6+ 43. hxg6 Qg8 44. Kf1 Qxg6 45. Rh8+ Kg7 46. Qh2 Rf7 47. Nf3
Rf8 48. Rh3 Kf7 49. Be1 Ke8 50. Rg3 Qf7 51. Qh6 Rg8 52. Rxg8+ Qxg8 53. Bf2 Kd7
54. Ke2 Qg4 55. Qh2 Be7 56. Ke3 Nb4 57. Qg3 Qh5 58. Kd2 Qh1 1/2-1/2

[Event "TCh-FRA Top 16 GpB"]
[Site "Metz "]
[Date "2007.02.11"]
[Round "3"]
[White "Roos, Louis"]
[Black "Bergez, Luc"]
[Result "1-0"]
[WhiteElo "2343"]
[BlackElo "2402"]
[PlyCount "63"]
[EventDate "2007.02.09"]
[EventType "team"]
[EventRounds "11"]
[EventCountry "FRA"]
[Source "Mark Crowther"]
[SourceDate "2007.02.12"]

1. c4 e5 2. Nc3 Nf6 3. Nf3 Nc6 4. d3 Bb4 5. Bd2 O-O 6. e3 d5 7. cxd5 Nxd5 8.
Be2 b6 9. O-O Bb7 10. Rc1 Nxc3 11. bxc3 Ba3 12. Rb1 Qe7 13. Ne1 e4 14. d4 Rad8
15. f4 exf3 16. Bxf3 Qe6 17. Qa4 Qg6 18. Qc2 Qd6 19. Qa4 Qg6 20. Qc2 Qd6 21.
Be4 Qh6 22. Rf3 Na5 23. Bxb7 Nxb7 24. e4 Qc6 25. e5 Be7 26. Rg3 Na5 27. Nf3 Nc4
28. Rf1 Nxd2 29. Qxd2 Qe6 30. c4 Qxc4 31. Qh6 g5 32. Nxg5 1-0

[Event "TCh-FRA Top 16 GpB"]
[Site "Metz "]
[Date "2007.02.11"]
[Round "3"]
[White "Leroy, Didier"]
[Black "Roos, Louise"]
[Result "1-0"]
[WhiteElo "2316"]
[BlackElo "1956"]
[PlyCount "77"]
[EventDate "2007.02.09"]
[EventType "team"]
[EventRounds "11"]
[EventCountry "FRA"]
[Source "Mark Crowther"]
[SourceDate "2007.02.12"]

1. c4 e5 2. g3 c6 3. Nf3 Qc7 4. Bg2 Nf6 5. O-O Be7 6. d4 e4 7. Ng5 d5 8. cxd5
cxd5 9. Qb3 h6 10. Nh3 Bxh3 11. Bxh3 O-O 12. Nc3 Rd8 13. Bf4 Qb6 14. Qxb6 axb6
15. Bc7 Re8 16. Bxb6 Nc6 17. Nb5 Ra6 18. Bc7 Rea8 19. a3 Na5 20. Bxa5 Rxa5 21.
Nc7 R8a7 22. Rac1 b5 23. b4 Ra4 24. Bc8 Bd8 25. Nxb5 Ra8 26. Bb7 Rb8 27. Rc8
Rxb7 28. Rxd8+ Kh7 29. Nd6 Re7 30. b5 Rxa3 31. Rb1 Rd7 32. Rxd7 Nxd7 33. Nxf7
e3 34. b6 Ra8 35. fxe3 Kg6 36. b7 Rb8 37. Nd6 Kf6 38. e4 Ke6 39. e5 1-0